| 000 | 00507cam a2200193 4500 | ||
|---|---|---|---|
| 001 | D1860 | ||
| 008 | 090401t1985 xxu||||| |||| 00| 0 eng d | ||
| 035 | _a(Sirsi) u66250 | ||
| 041 | _aeng | ||
| 050 | _a696.9 | ||
| 110 |
_aBuilding Maintenance Cost Information Service _91702 |
||
| 245 | _aStudy of energy in buildings - 1985 updated ed. | ||
| 260 |
_aKingston upon Thames _bBMCIS _c1985 |
||
| 300 | _a48p. 30cm | ||
| 350 | _a0 | ||
| 490 |
_aAnnual Paper: _v: 138 |
||
| 942 | _n0 | ||
| 948 | _c04/03/1997 | ||
| 999 |
_c94837 _d94837 |
||